| 000 | 01198nam a2200217Ia 4500 | ||
|---|---|---|---|
| 008 | 191130s2000##################000#0#eng## | ||
| 020 | _a9780819437921 | ||
| 022 | _a2001267212 | ||
| 040 |
_aACL _cACL |
||
| 082 | _a530.429 KLO | ||
| 245 |
_aLiquid crystals : chemistry, physics, and applications : 13-17 September 1999, Krynica, Poland _cStanisław J. Kłosowicz ... [et al.], editors ; organized by Institute of Applied Physics and Institute of Chemistry, Military University of Technology, Warsaw (Poland) ; sponsored by State Committee for Scientific Research (Poland) ... [et al.] |
||
| 260 |
_aBellingham, WA _bSPIE--the International Society for Optical Engineering _cc2000 |
||
| 300 | _axiii, 404 p. : ill., ports. ; 28 cm | ||
| 500 | _aIncludes bibliographical references and indexes | ||
| 650 | _aLiquid crystals - Congresses | ||
| 700 | _aKłosowicz, Stanisław J | ||
| 710 | _aInstitute of Chemistry (Wojskowa Akademia Techniczna im. Jarosława Da̜browskiego), Institute of Technical Physics (Wojskowa Akademia Techniczna im. Jarosława Dąbrowskiego), Komitet Badań Naukowych (Poland) | ||
| 990 | _af8773556ac10000c6548b0a0aaabbb3e | ||
| 991 | _a383259 | ||
| 999 |
_c233647 _d233647 |
||